000 00404nam a2200145Ia 4500
008 220217s9999||||xx |||||||||||||| ||und||
020 _a978-0-07-463879-8
082 _a658.403 8 SCH
100 _aSchultheis, Robert and Sumner, Mary
_95576
245 0 _aManagement information systems
250 _a4th
260 _aTata mcgraw hill
_bNew Delhi
_c2007
300 _b399
650 _aMANAGEMENT
999 _c176594
_d176594